000 00768nam a2200217Ii 4500
003 JO-AjNU
008 230605s9999||||xx |||||||||||||| ||und||
017 _a2008/10/3507
020 _a978-9957-70-130-7
040 _aJO-AjNU
_bara
_erda
_cJO-AjNU
041 _aara
050 1 4 _aHD30.22.Z34.2009
100 3 _aالظاهر،نعيم ابراهيم,
_eauthor
_930564
245 0 0 _aمبادىء الادارة الاقتصادية=PRINCIPLE OF MANAGERIAL ECONOMICS
264 3 1 _aاربد،عمان:عالم الكتب الحديث،جدارا للكتاب الجامعي،2009
300 _a279ص
336 _atext
_btxt
_2rdacontent
337 _aunmediated
_bn
_2rdamedia
338 _avolume
_bnc
_2rdacarrier
650 4 _aالاقتصاد-ادارة
_930565
999 _aA12131
_c15699
_d15699